Rugby: Équipe par palmarès. - Statistiques

Statistiques générales
  • Ce quiz a été pris 339 fois
  • Le résultat moyen est 7 sur 8
Statistiques - réponses
Palmarès Équipe % Correct
Coupe du monde: 1, Six Nations: 38, Autumn Nations Cup: 1 Angleterre
97%
Coupe du monde: 3, Rugby Championship: 16 Nouvelle-Zélande
97%
Six Nations: 25, JO: 1, Jeux méditerranéens: 4, Championnat européen des nations de rugby à XV: 6 France
96%
Championnat de France de rugby à XV: 20, Coupe d'Europe de rugby à XV: 4 Stade toulousain
96%
Championnat d'Amérique du Sud de rugby à XV: 34 Argentine
90%
Coupe d'Europe de rugby à XV: 4, Challenge européen de rugby à XV: 1, Pro14: 6, Championnat inter-provinces irlandaises de rugby à XV: 28 Leinster
84%
Championnat d'Angleterre de rugby à XV: 5, Coupe d'Europe de rugby à XV: 3,Coupe d'Angleterre: 2,Championnat d'Angleterre de D2: 2 Saracens
74%
Super Rugby: 10 Crusaders
53%
Aucun quiz correspondant
Distribution des résultats
% des personnes avec chaque résultat
Percentile par nombre de réponses
Votre historique - résultats
Vous n’avez pas pris ce quiz